| 000 | 00662nam a2200229Ia 4500 | ||
|---|---|---|---|
| 005 | 20260415173413.0 | ||
| 008 | 008 250505s9999 xx 000 0 eng d | ||
| 020 | _a978-981-99-0172-2 | ||
| 037 | _aTextBook | ||
| 040 |
_aFEDL _beng _cFEDL |
||
| 041 |
_aeng _2eng |
||
| 084 |
_a001.422 CUN/R _qFEDL |
||
| 100 |
_aCunningham James B _9783656 |
||
| 245 | 0 | _aUning SPSS: An interactive hands- on approach | |
| 260 |
_aNew Delhi, India _bSage _c2012 |
||
| 300 | _axx, 237p. | ||
| 365 |
_aINR _b595 |
||
| 546 | _aReprint, 2024 | ||
| 700 |
_a Aldrich James O _9783657 |
||
| 942 |
_cTB _h001.422 CUN/R |
||
| 999 |
_c1400066 _d1400066 |
||